Gender violence: (Record no. 3108)

MARC details
000 -LEADER
fixed length control field 009160000a22002290004500
003 - CONTROL NUMBER IDENTIFIER
control field LK-CoMWRAF
005 - DATE AND TIME OF LATEST TRANSACTION
control field 20240503142625.0
008 - FIXED-LENGTH DATA ELEMENTS--GENERAL INFORMATION
fixed length control field 230817t1991 ||||| |||| 00| 0 eng d
040 ## - CATALOGING SOURCE
Original cataloging agency LK-CoMWRAF
Modifying agency LK-CoMWRAF
Description conventions LK-CoMWRAF
041 ## - LANGUAGE CODE
Language code of text/sound track or separate title English
082 ## - DEWEY DECIMAL CLASSIFICATION NUMBER
Classification number 305.42
Item number BUN
942 ## - ADDED ENTRY ELEMENTS (KOHA)
Koha item type Books
100 ## - MAIN ENTRY--PERSONAL NAME
Personal name Bunch, Charlotte
100 ## - MAIN ENTRY--PERSONAL NAME
Personal name Carrillo, Roxanna
245 ## - TITLE STATEMENT
Title Gender violence:
Remainder of title a development and human rights issue
260 ## - PUBLICATION, DISTRIBUTION, ETC. (IMPRINT)
Place of publication, distribution, etc. New Jersey:
Name of publisher, distributor, etc. Center for Women's Global Leadership,
Date of publication, distribution, etc. 1991
300 ## - PHYSICAL DESCRIPTION
Extent 41 p. ; 21 cm
Other physical details Bibliography included
856 ## - ELECTRONIC LOCATION AND ACCESS
Uniform Resource Identifier <a href="https://www.cwgl.rutgers.edu/docman/cwgl-publications-video/285-gender-violence-eng/file">https://www.cwgl.rutgers.edu/docman/cwgl-publications-video/285-gender-violence-eng/file</a>
505 ## - FORMATTED CONTENTS NOTE
Formatted contents note Includes papers on;<br/>Women's rights as human rights : toward a re-vision of human rights / Bunch, Charlotte <br/>Violence against women : an obstacle to development / Carrillo, Roxanna
650 ## - SUBJECT ADDED ENTRY--TOPICAL TERM
Topical term or geographic name as entry element Women's Rights
650 ## - SUBJECT ADDED ENTRY--TOPICAL TERM
Topical term or geographic name as entry element Women, Violence against
Holdings
Withdrawn status Lost status Damaged status Not for loan Permanent Location Current Location Date acquired Full call number Barcode Koha item type
        Resource center, Muslim Women's Research And Action Forum Resource center, Muslim Women's Research And Action Forum 2023-08-17 305.42 BUN RAF3918 Books

Copyright © 2023 Muslim Women's Research and Action Forum (MWRAF), No 27/3, Anderson Road, Kalubowila, Dehiwela. Funded by The Asia Fundation